Lil Mouse is in the house! / (Record no. 379049)
[ view plain ]
| 000 -LEADER | |
|---|---|
| fixed length control field | 01876cam a2200481 i 4500 |
| 001 - CONTROL NUMBER | |
| control field | on1347123606 |
| 003 - CONTROL NUMBER IDENTIFIER | |
| control field | OCoLC |
| 005 - DATE AND TIME OF LATEST TRANSACTION | |
| control field | 20221122180150.0 |
| 008 - FIXED-LENGTH DATA ELEMENTS--GENERAL INFORMATION | |
| fixed length control field | 221010t20222022nyua c 000 1 eng d |
| 010 ## - LIBRARY OF CONGRESS CONTROL NUMBER | |
| LC control number | 2022940763 |
| 020 ## - INTERNATIONAL STANDARD BOOK NUMBER | |
| International Standard Book Number | 9780062910899 |
| Qualifying information | (trade) |
| 020 ## - INTERNATIONAL STANDARD BOOK NUMBER | |
| International Standard Book Number | 0062910892 |
| Qualifying information | (trade) |
| 020 ## - INTERNATIONAL STANDARD BOOK NUMBER | |
| International Standard Book Number | 9780062910882 |
| Qualifying information | (pbk.) |
| 020 ## - INTERNATIONAL STANDARD BOOK NUMBER | |
| International Standard Book Number | 0062910884 |
| Qualifying information | (pbk.) |
| 026 ## - FINGERPRINT IDENTIFIER | |
| First and second groups of characters | 9781668860175 |
| 026 ## - FINGERPRINT IDENTIFIER | |
| First and second groups of characters | 1668860171 |
| 035 ## - SYSTEM CONTROL NUMBER | |
| System control number | (OCoLC)1347123606 |
| 035 ## - SYSTEM CONTROL NUMBER | |
| System control number | 1748518 |
| 040 ## - CATALOGING SOURCE | |
| Original cataloging agency | ICrlF |
| Language of cataloging | eng |
| Description conventions | rda |
| Transcribing agency | NBT |
| Modifying agency | NBT |
| -- | OQX |
| -- | OCO |
| -- | IUK |
| -- | DAD |
| 092 ## - LOCALLY ASSIGNED DEWEY CALL NUMBER (OCLC) | |
| Classification number | junior fiction |
| Item number | Gutman |
| 100 1# - MAIN ENTRY--PERSONAL NAME | |
| Personal name | Gutman, Dan, |
| Relator term | author. |
| 9 (RLIN) | 23206 |
| 245 10 - TITLE STATEMENT | |
| Title | Lil Mouse is in the house! / |
| Statement of responsibility, etc | Dan Gutman ; pictures by Jim Paillot. |
| 246 3# - VARYING FORM OF TITLE | |
| Title proper/short title | Little Mouse is in the house. |
| 250 ## - EDITION STATEMENT | |
| Edition statement | First edition. |
| 264 #1 - Production, Publication, Distribution, Manufacture, and Copyright Notice. | |
| Place of production, publication, distribution, manufacture | New York, NY : |
| Name of producer, publisher, distributor, manufacturer | Harper, an imprint of HarperCollinsPublishers, |
| Date of production, publication, distribution, manufacture, or copyr | [2022] |
| 264 #4 - Production, Publication, Distribution, Manufacture, and Copyright Notice. | |
| Date of production, publication, distribution, manufacture, or copyr | ©2022. |
| 300 ## - PHYSICAL DESCRIPTION | |
| Extent | 102 pages : |
| Other physical details | illustrations ; |
| Dimensions | 22 cm. |
| 336 ## - Content Type | |
| Content type term | text |
| 336 ## - Content Type | |
| Content type term | still image |
| 337 ## - Media type | |
| Media type term | unmediated |
| 338 ## - Carrier type | |
| Carrier type term | volume |
| 490 1# - SERIES STATEMENT | |
| Series statement | My weirder-est school ; |
| Volume number/sequential designation | 12. |
| 520 ## - SUMMARY, ETC. | |
| Summary, etc | Getting a chance to choose a guest speaker at their third grade graduation, A.J. and his classmates have their minds set on the most popular singer and rapper in the world, Lil Mouse, to have the greatest graduation in the history of graduations. |
| 650 #0 - SUBJECT ADDED ENTRY--TOPICAL TERM | |
| Topical term or geographic name as entry element | Commencement ceremonies |
| Form subdivision | Juvenile fiction. |
| 9 (RLIN) | 6365271 |
| 650 #0 - SUBJECT ADDED ENTRY--TOPICAL TERM | |
| Topical term or geographic name as entry element | Elementary schools |
| Form subdivision | Juvenile fiction. |
| 9 (RLIN) | 5689382 |
| 650 #0 - SUBJECT ADDED ENTRY--TOPICAL TERM | |
| Topical term or geographic name as entry element | Celebrities |
| Form subdivision | Juvenile fiction. |
| 9 (RLIN) | 5735125 |
| 650 #0 - SUBJECT ADDED ENTRY--TOPICAL TERM | |
| Topical term or geographic name as entry element | Schools |
| Form subdivision | Juvenile fiction. |
| 655 #7 - INDEX TERM--GENRE/FORM | |
| Genre/form data or focus term | School fiction. |
| Source of term | lcgft. |
| 9 (RLIN) | 6407078 |
| 655 #7 - INDEX TERM--GENRE/FORM | |
| Genre/form data or focus term | Humorous fiction. |
| Source of term | lcgft. |
| 700 1# - ADDED ENTRY--PERSONAL NAME | |
| Personal name | Paillot, Jim, |
| Relator term | illustrator. |
| 9 (RLIN) | 49614 |
| 800 1# - SERIES ADDED ENTRY--PERSONAL NAME | |
| Personal name | Gutman, Dan. |
| Title of a work | My weirder-est school ; |
| Volume/sequential designation | 12. |
| 942 ## - ADDED ENTRY ELEMENTS (KOHA) | |
| Source of classification or shelving scheme | Dewey Decimal Classification |
| Koha item type | BOOK |
| Withdrawn status | Lost status | Source of classification or shelving scheme | Damaged status | Not for loan | Collection code | Home library | Current library | Shelving location | Date acquired | Source of acquisition | Total Checkouts | Total Renewals | Full call number | Barcode | Date last seen | Date checked out | Cost, replacement price | Price effective from | Koha item type |
|---|---|---|---|---|---|---|---|---|---|---|---|---|---|---|---|---|---|---|---|
| Dewey Decimal Classification | Junior Fiction | Wasatch County Library | Wasatch County Library | Main Floor Junior Area | 11/22/2022 | Micromarketing | 6 | 6 | J Gutman | 34301001850033 | 02/10/2025 | 12/04/2024 | 16.99 | 11/22/2022 | BOOK |
